000 00520nam a22001697a 4500
999 _c27355
_d27355
003 BDDh-ASL
005 20231015030746.0
008 211102s1910 ii ||||| |||| 00| 0 u d
040 _aBDDh-ASL
_cBDDh-ASL
082 _a297.3
_bKAR
100 1 _95578
_aKarim, Abu Salih Mohammad
245 1 0 _aRaddul Baliyat Fi Tahrimul Muskarat : / رد البليات فی تحريم المسکرات
260 _aKolkata :
_bRezwani Press ,
_c1910.
300 _a56 p. :
_c25 cm.
650 0 _91652
_aIslam
942 _2ddc
_cBK